01303nam a2200217Ia 4500999001700000001000600017003000700023005001700030008004100047040001100088080002000099245020500119264006700324300002800391653013000419653007900549653020400628653011500832942001200947952012600959 c50847d5084717802GE_BSU20200224150640.0181216s1958 xx |||||||||||||| ||eng|| cGE_BSU a353.03(73) P-97 aPublic papers of the presidents of the United States Dwight D. EisenhowerbContaining the Public Message, Speeches, and Statements of the President. January 1 1932 to march 4, 1933to december 31, 1958 aWashington :bUnited States government printing office,c1958. a954 p. :bill; c26 cm. aContaining the Public Message, Speeches, and Statements of the President. January 1 1932 to march 4, 1933to december 31, 1958 aPublic papers of the presidents of the United States Jimmy Carter 1980-81. aშეერთებული შტატების პრეზიდენტების დუაიტ დ ეიზენჰაუერის საჯარო ნაშრომები aსახელმწიფო ადმინისტრაციული მმართველობა cBK2udc 00102udc4063530373_P9770969572aCPLbCPLcGENd2018-12-17o353.03(73) P-97p45682r2018-12-17t45682w2018-12-17yBK